| 000 | 00559nam a2200229Ia 4500 | ||
|---|---|---|---|
| 003 | OSt | ||
| 005 | 20250704162051.0 | ||
| 008 | 210210b1979 xxu||||| |||| 00| 0 eng d | ||
| 020 | _a0070529876 | ||
| 040 | _cAL | ||
| 041 | _aeng | ||
| 082 | _a540 ROAB | ||
| 100 |
_aDon Roach _9210818 |
||
| 245 | _aBasic college chemistry | ||
| 260 |
_aU S A _bMcGraw Hill Book Co. _c1979 |
||
| 300 | _axviii,636p. | ||
| 650 |
_aCollege Chemistry _9210820 |
||
| 690 |
_aChemistry _9210821 |
||
| 700 |
_a Edmund Leddy _9217339 |
||
| 906 | _aCC00270 | ||
| 942 |
_2ddc _cCC |
||
| 999 |
_c109268 _d109268 |
||